Normal view
MARC view
Entry Personal Name
001 - CONTROL NUMBER
- control field: 7693
003 - CONTROL NUMBER IDENTIFIER
- control field: BD-RjUL
005 - DATE AND TIME OF LATEST TRANSACTION
- control field: 20230525163740.0
008 - FIXED-LENGTH DATA ELEMENTS
- fixed length control field: 230525|| aca||aabn | a|a d
040 ## - CATALOGING SOURCE
- Original cataloging agency: BD-RjUL
- Transcribing agency: BD-RjUL
100 ## - HEADING--PERSONAL NAME
- Personal name: Islam, M. Saidul, Co-Supervisor
670 ## - SOURCE DATA FOUND
- Source citation: Work cat.: (BD-RjUL)81466: Ahmmed. Lokonnuzzaman 7690, Determination of the Bio-Chemical parameters and the amount of trace and toxic metals in baby foods, Jams, jellies and juices available in Bangladesh /, 2016